| 000 | 00499cam a22002171 4500 | ||
|---|---|---|---|
| 001 | sa 64001113 | ||
| 003 | DLC | ||
| 005 | 20260227112000.0 | ||
| 008 | 890926s1963 ii 000 0 hino | ||
| 010 | _asa 64001113 | ||
| 035 | _a(OCoLC)20396029 | ||
| 040 |
_aDLC _cWaU _dDLC |
||
| 042 | _apremarc | ||
| 050 | 0 | 0 |
_aPK2098.V86 _bT8 |
| 100 | 1 |
_aVyas, Dinanath, _d1913- |
|
| 245 | 1 | 0 | _aTū aura maiṃ. |
| 260 | _c[1963] | ||
| 300 |
_a72 p. _c21 cm. |
||
| 500 | _aIn Hindi. | ||
| 500 | _aA poem. | ||
| 999 |
_c56578 _d56578 |
||